Majetkové priznania sa musia podať do 31.januára 2002 (komentár s príkladmi)

Bibliographic Details
Format: Article
Language:Slovak
Subjects:

MARC

LEADER 00000nab a2200000 a 4500
001 vtls000781310
003 SK-MaSNL
005 20260304113751.0
008 250429c2001 xo 0 slo
015 |a SNBRB2002/02-06726 
035 |a CLN000133043 
035 |a urn:nbn:sk:snk-ab77l1 
035 |a (uuid)88a78b6c-2d81-4dfa-aaa8-2ab3e26506cb 
035 |a (urnnbn)urn:nbn:sk:snk:ar-a073pz 
035 |a (sysno)vtls000781310 
040 |a SNKBUCL  |b slo  |c SNKBUCL  |e AACR2 
041 0 |a slo 
044 |a xo  |c SK 
080 |a 336.217.027.13(437.6)  |2 1997 
245 0 0 |a Majetkové priznania sa musia podať do 31.januára 2002 (komentár s príkladmi) 
650 0 7 |a priznania majetkové  |z Slovensko  |y 2001  |2 snkbucl  |9 848497 
655 7 |a články z novín a časopisov  |2 snkbucl  |9 267496 
773 0 |t Manažment, mzdy a financie  |g Roč. 8, č. 23 (2001), s. 74-101  |x 1335-4329 
850 |a Slovenská národná knižnica 
852 |a Slovenská národná knižnica 
954 |a odborná, vedecká literatúra pôvodná (slovenská)  |2 lita 
958 |a article2022 
958 |a OND 
958 |a SK 
958 |a EUIPO 
999 |c 2870708  |d 2872638